Statistics for Worst rappers by song

Click here to take the quiz!

General Stats

  • This quiz has been taken 28 times
  • The average score is 14 of 42

Answer Stats

Answer% Correct
Xo tour lifeLil Uzi Vert
79%
EskeetitLil Pump
75%
Super bassNicki Minaj
75%
Mask offFuture
67%
Mo bambaSheck Wes
67%
Crank thatSoulja Boy
67%
KEKE6ix9ine
63%
PandaDesiigner
58%
MagnoliaPlayboi Carti
58%
Ice ice babyVanilla Ice
58%
WhistleFlo Rida
50%
679Fetty Wap
46%
U cant touch thisMc Hammer
46%
Get lowLil Jon
42%
1 nightLil Yachty
38%
AudiSmokepurpp
38%
Rack cityTyga
38%
FancyIggy Azalea
33%
BetrayedLil Xan
33%
Watch meSilento
29%
LondonYoung Thug
29%
These heauxBhad Bhabie
25%
HustlinRick Ross
25%
Drill timeSlim jesus
25%
Fake wokeTom Macdonald
25%
BartenderT-Pain
25%
LemonadeGucci Mane
21%
Uber everywhereMadeinTYO
21%
All gold everythingTrinidad james
21%
No handsWaka Flocka Flame
21%
CocoO.T Genasis
17%
Workin meQuavo
17%
Y.U MadBirdman
13%
Laffy taffyD4l
13%
Pop thatFrench Montana
13%
A bay bayHurricane Chris
13%
Pull your skirt upBenzino
8%
Stanky leggGs Boyz
8%
My dougieLil Wil
8%
Early morning trappinOJ da Juiceman
8%
Bust it baby pt 2Plies
8%
So seductiveTony Yayo
8%

Score Distribution

Percentile by Number Answered

Percent of People with Each Score

Your Score History

You have not taken this quiz